Cyber crimes (Record no. 16649)
[ view plain ]
| 000 -LEADER | |
|---|---|
| fixed length control field | 00430nam a22001577a 4500 |
| 008 - FIXED-LENGTH DATA ELEMENTS--GENERAL INFORMATION | |
| fixed length control field | 180207b xxu||||| |||| 00| 0 eng d |
| 020 ## - INTERNATIONAL STANDARD BOOK NUMBER | |
| International Standard Book Number | 9351453925 |
| 040 ## - CATALOGING SOURCE | |
| Original cataloging agency | KABU |
| Transcribing agency | KABU |
| 050 ## - LIBRARY OF CONGRESS CALL NUMBER | |
| Classification number | HV6773 |
| Item number | .F38 2016 c. 1 |
| 100 ## - MAIN ENTRY--PERSONAL NAME | |
| Personal name | Fatima, Talat |
| 245 ## - TITLE STATEMENT | |
| Title | Cyber crimes |
| Statement of responsibility, etc. | by Talat Fatima |
| 260 ## - PUBLICATION, DISTRIBUTION, ETC. (IMPRINT) | |
| Place of publication, distribution, etc. | Lucknow |
| Name of publisher, distributor, etc. | Eastern Book Company |
| Date of publication, distribution, etc. | 2016 |
| 300 ## - PHYSICAL DESCRIPTION | |
| Extent | lxiv, 688 p. |
| 650 ## - SUBJECT ADDED ENTRY--TOPICAL TERM | |
| Topical term or geographic name as entry element | Computer crimes |
| 942 ## - ADDED ENTRY ELEMENTS (KOHA) | |
| Source of classification or shelving scheme | Library of Congress Classification |
| Koha item type | General Collection |
| Classification part | HV6773 |
| Withdrawn status | Lost status | Source of classification or shelving scheme | Not for loan | Home library | Current library | Shelving location | Date acquired | Cost, normal purchase price | Total Checkouts | Total Renewals | Full call number | Barcode | Date last seen | Date last checked out | Copy number | Price effective from | Koha item type |
|---|---|---|---|---|---|---|---|---|---|---|---|---|---|---|---|---|---|
| Library of Congress Classification | Kabarak, Main Campus | Kabarak, Main Campus | General Stacks | 07/02/2018 | 7500.00 | 18 | 3 | HV6773 .F38 2016 c. 1 | 027447 | 01/04/2025 | 26/03/2025 | c. 1 | 07/02/2018 | General Collection |